书目信息 |
| 题名: |
巴克莱哲学研究
|
|
| 作者: | 傅有德 | |
| 分册: | ||
| 出版信息: | 北京 人民出版社 1999 |
|
| 页数: | 332 | |
| 开本: | 20cm | |
| 丛书名: | 哲学史家文库 | |
| 单 册: | ||
| 中图分类: | B0 | |
| 科图分类: | ||
| 主题词: | 哲学理论 | |
| 电子资源: | ||
| ISBN: | 7-01-003001-4 | |
| 000 | 00539nam0 2200205 450 | |
| 001 | 0757995392 | |
| 005 | 20071007160635.39 | |
| 010 | @a7-01-003001-4 | |
| 100 | @a20071007d km y0chiy0120 ea | |
| 101 | 0 | @achi |
| 200 | 1 | @a巴克莱哲学研究@Aba ke lai zhe xue yan jiu@f傅有德@Ffu you de |
| 210 | @a北京@c人民出版社@d1999 | |
| 215 | @a332@d20cm | |
| 225 | 2 | @a哲学史家文库 |
| 410 | 0 | @12001 @a哲学史家文库 |
| 606 | 0 | @a哲学理论 |
| 690 | @aB0@v3 | |
| 701 | 0 | @a傅有德@Afu you de |
| 801 | 0 | @aCN@bPFT@c20071007 |
| 905 | @a213230@dB0@ea10@f1 | |
| 巴克莱哲学研究/傅有德.-北京:人民出版社,1999 |
| 332;20cm.-(哲学史家文库) |
| ISBN 7-01-003001-4: |
| ● |
| 相关链接 |
|
|
|
|
正题名:巴克莱哲学研究
索取号:B0/a10
 
预约/预借
| 序号 | 登录号 | 条形码 | 馆藏地/架位号 | 状态 | 备注 |
| 1 | 7508487 | 275084873 | 史法系资料室/ [索取号:B0/a10] | 在馆 |